书目信息 |
| 题名: |
管材无模成形技术
|
|
| 作者: | 夏鸿雁 著 | |
| 分册: | ||
| 出版信息: | 沈阳 东北大学出版社 2014 |
|
| 页数: | 187页 | |
| 开本: | 21cm | |
| 丛书名: | ||
| 单 册: | ||
| 中图分类: | TG356.5 | |
| 科图分类: | ||
| 主题词: | 管材拉制 | |
| 电子资源: | ||
| ISBN: | 978-7-5517-0645-2 | |
| 000 | 00952nam0 2200229 450 | |
| 001 | 012015000006 | |
| 005 | 20150914103638.91 | |
| 010 | @a978-7-5517-0645-2@dCNY36.00 | |
| 100 | @a20150107d2014 em y0chiy50 ea | |
| 101 | 0 | @achi |
| 102 | @aCN@b210000 | |
| 105 | @aa z 000yy | |
| 106 | @ar | |
| 200 | 1 | @a管材无模成形技术@Aguan cai wu mo cheng xing ji shu@f夏鸿雁著 |
| 210 | @a沈阳@c东北大学出版社@d2014 | |
| 215 | @a187页@c图@d21cm | |
| 330 | @a本书共分11章,分别介绍了管材无模成形基本特征及应用前景、管材无模成形系统、管材无模拉伸速度控制模型、无模拉伸速度计算机控制系统、锥形方管无模成形、异型断面锥形电柱无模拉伸、管材无模弯曲、管材无模弯曲扁平化及影响因素、管材无模拉伸变形及拉伸力的理论解析、棒材无模拉伸温度场及管材无模拉伸温度场,其中包含了管材无模成形工艺和理论研究的最新发展。 | |
| 606 | 0 | @a管材拉制 |
| 690 | @aTG356.5@v5 | |
| 701 | 0 | @a夏鸿雁@Axia hong yan@4著 |
| 801 | 0 | @aCN@b碧洲教育@c20150716 |
| 905 | @a10447@f4@dTG356.5@e11 | |
| 管材无模成形技术/夏鸿雁著.-沈阳:东北大学出版社,2014 |
| 187页:图;21cm |
| ISBN 978-7-5517-0645-2:CNY36.00 |
| 本书共分11章,分别介绍了管材无模成形基本特征及应用前景、管材无模成形系统、管材无模拉伸速度控制模型、无模拉伸速度计算机控制系统、锥形方管无模成形、异型断面锥形电柱无模拉伸、管材无模弯曲、管材无模弯曲扁平化及影响因素、管材无模拉伸变形及拉伸力的理论解析、棒材无模拉伸温度场及管材无模拉伸温度场,其中包含了管材无模成形工艺和理论研究的最新发展。 |
| ● |
| 相关链接 |
|
|
|
|
正题名:管材无模成形技术
索取号:TG356.5/11
 
预约/预借
| 序号 | 登录号 | 条形码 | 馆藏地/架位号 | 状态 | 备注 |
| 1 | 0870969 | 208709691 | 第二样本阅览室/ [索取号:TG356.5/11] | 在馆 | |
| 2 | 0870970 | 208709708 | 第三借阅区/ [索取号:TG356.5/11] | 在馆 | |
| 3 | 0870971 | 208709717 | 第三借阅区/ [索取号:TG356.5/11] | 在馆 | |
| 4 | 0870972 | 208709726 | 第三借阅区/ [索取号:TG356.5/11] | 在馆 |